MARC

Tag First Indicator Second Indicator Subfields
LEADER 00000cas a2200000 a 4500
001 in00004451990
005 20191202120830.0
008 900405d19881994txugr ||||s0uuua0eng d
035 |a (OCoLC)21325190 
035 |a AAA0711MS 
035 |z (UtOrBLW)214 
035 |a 793 
040 |a TMV  |c TMV  |d UtOrBLW 
043 |a n-us-tx 
049 |a TMVM 
060 4 |a W 19.5 AT4  |b T3551 
110 2 |a Texas A & M University.  |b College of Medicine. 
245 1 0 |a College of Medicine bulletin. 
264 1 |a College Station, Tex. :  |b Office of the Dean of the College,  |c 1988-1994. 
300 |a 4 volumes :  |b illustrations ;  |c 23 cm. 
310 |a Biennial 
336 |a text  |2 rdacontent  |b txt 
337 |a unmediated  |2 rdamedia 
338 |a volume  |2 rdacarrier  |b nc 
362 0 |a No. 3 (1988-1990)-no. 6 (1994-1996). 
550 |a Issued by: Texas A&M University Health Science Center, College of Medicine, 1994. 
500 |a S/CN Keep 1 of each in SpecCol; 1 of most recent in Reserve and Ref. 
610 2 0 |a Texas A & M University.  |b College of Medicine. 
610 2 0 |a Texas A & M University Health Science Center.  |b College of Medicine. 
650 2 |a Schools, Medical  |z Texas  |v Catalogs. 
710 2 |a Texas A & M University.  |b Health Science Center.  |b College of Medicine. 
785 0 0 |a Texas A & M University Health Science Center. College of Medicine  |t Bulletin 
999 |a MARS 
999 f f |s be3f6b64-b5be-3c8d-a0a3-372437324f35  |i 71c59a42-bf84-378e-a1ed-4683d8665a80  |t 0 
952 f f |p ric  |a Texas A&M University  |b Rellis Campus  |c Joint Library Facility  |d Remote Storage  |t 0  |e W 19.5 AT4 T3551  |h National Library of Medicine classification  |i unmediated -- volume  |k no.4  |l 1990/1992  |m 3238900901451 
952 f f |p ric  |a Texas A&M University  |b Rellis Campus  |c Joint Library Facility  |d Remote Storage  |t 0  |e W 19.5 AT4 T3551  |h National Library of Medicine classification  |i unmediated -- volume  |k no.5  |l 1992/1994  |m 323890089797M 
998 f f |a W 19.5 AT4 T3551  |s no.4(1990/1992)-no.6(1994/1996)   |t 0  |l Remote Storage